WWE - Champion intercontinental - Statistiques

Statistiques générales
  • Ce quiz a été pris 941 fois
    426 depuis la dernière actualisation
  • Le résultat moyen est 11 sur 17
Statistiques - réponses
Date Réponse % Correct
10 juin 2022 - 6 avril 2024 Gunther
87%
8 mars 2020 - 12 mai 2020 Sami Zayn
86%
27 septembre 2020 - 25 décembre 2020 Sami Zayn
86%
18 février 2022 - 4 mars 2022 Sami Zayn
86%
6 avril 2024 - 3 aout 2024 Sami Zayn
86%
Depuis le 3 aout 2024 Bron Breakker
77%
14 juillet 2019 - 31 janvier 2020 Shinsuke Nakamura
65%
13 aout 2021 - 18 février 2022 Shinsuke Nakamura
65%
12 juin 2020 - 21 aout 2020 AJ Styles
64%
25 décembre 2020 - 11 avril 2021 Big E
60%
21 aout 2020 - 27 septembre 2020 Jeff Hardy
60%
17 février 2019 - 11 mars 2019 Finn Balor
56%
7 avril 2019 - 14 juillet 2019 Finn Balor
56%
4 mars 2022 - 10 juin 2022 Ricochet
54%
11 mars 2019 - 7 avril 2019 Bobby Lashley
50%
31 janvier 2020 - 8 mars 2020 Braun Strowman
44%
11 avril 2021 - 13 aout 2021 Apollo Crews
39%
Aucun quiz correspondant
Distribution des résultats
% des personnes avec chaque résultat
Percentile par nombre de réponses
Votre historique - résultats
Vous n’avez pas pris ce quiz depuis la dernière actualisation